MARC details
| 000 -LEADER |
| fixed length control field |
02202cai a22003135a 4500 |
| 001 - CONTROL NUMBER |
| control field |
WS159748 |
| 008 - FIXED-LENGTH DATA ELEMENTS--GENERAL INFORMATION |
| fixed length control field |
150515u2016 xxk g 000 0 eng d |
| 035 ## - SYSTEM CONTROL NUMBER |
| System control number |
(Sirsi) u159748 |
| 041 0# - LANGUAGE CODE |
| Language code of text/sound track or separate title |
eng |
| 110 2# - MAIN ENTRY--CORPORATE NAME |
| Corporate name or jurisdiction name as entry element |
Strutt & Parker |
| 9 (RLIN) |
2509 |
| 245 00 - TITLE STATEMENT |
| Title |
Housing Futures |
| Medium |
[electronic resource] |
| 505 2# - FORMATTED CONTENTS NOTE |
| Formatted contents note |
2014 - A Changing Market -- 2015 - Key Housing Trends -- 2016 - The Village Revival -- 2016 - Urban Renters -- 2017 - Platinum Generation |
| 520 ## - SUMMARY, ETC. |
| Summary, etc. |
Focuses on what people want and every year it survey individuals about how they live today and how they intend to live in the future. The reports, vlogs and blogs provide analysis and insight into the mainstream housing market, the London rental market and the private sector retirement market. |
| 590 ## - LOCAL NOTE (RLIN) |
| Local note |
KA |
| 650 24 - SUBJECT ADDED ENTRY--TOPICAL TERM |
| Topical term or geographic name entry element |
HOUSING |
| 650 24 - SUBJECT ADDED ENTRY--TOPICAL TERM |
| Topical term or geographic name entry element |
VILLAGES |
| 650 24 - SUBJECT ADDED ENTRY--TOPICAL TERM |
| Topical term or geographic name entry element |
PROPERTY-RESIDENTIAL PROPERTY-RESIDENTIAL PROPERTY MARKET |
| 650 24 - SUBJECT ADDED ENTRY--TOPICAL TERM |
| Topical term or geographic name entry element |
RENTAL MARKET |
| 650 24 - SUBJECT ADDED ENTRY--TOPICAL TERM |
| Topical term or geographic name entry element |
RETIREMENT |
| 651 #4 - SUBJECT ADDED ENTRY--GEOGRAPHIC NAME |
| Geographic name |
United Kingdom |
| 690 ## - LOCAL SUBJECT ADDED ENTRY--TOPICAL TERM (OCLC, RLIN) |
| Topical term or geographic name as entry element |
Residential property |
| 9 (RLIN) |
6266 |
| 856 40 - ELECTRONIC LOCATION AND ACCESS |
| Uniform Resource Identifier |
<a href="https://www.struttandparker.com/knowledge-and-research/housing-futures">https://www.struttandparker.com/knowledge-and-research/housing-futures</a> |
| Public note |
View the Housing Futures at www.struttandparker.com |
| 856 40 - ELECTRONIC LOCATION AND ACCESS |
| Uniform Resource Identifier |
<a href="https://www.struttandparker.com/application/files/9414/6038/2815/residential-futures_web_final.pdf">https://www.struttandparker.com/application/files/9414/6038/2815/residential-futures_web_final.pdf</a> |
| Public note |
View the How the market is changing - volume I free of charge at www.struttandparker.com |
| 856 40 - ELECTRONIC LOCATION AND ACCESS |
| Uniform Resource Identifier |
<a href="https://www.struttandparker.com/knowledge-and-research/housing-futures/2015-key-housing-trends">https://www.struttandparker.com/knowledge-and-research/housing-futures/2015-key-housing-trends</a> |
| Public note |
View Key housing trends - volume II free of charge at www.struttandparker.com |
| 856 40 - ELECTRONIC LOCATION AND ACCESS |
| Uniform Resource Identifier |
<a href="https://www.struttandparker.com/application/files/6214/6591/4400/Housing_Futures_2016_v2.pdf">https://www.struttandparker.com/application/files/6214/6591/4400/Housing_Futures_2016_v2.pdf</a> |
| Public note |
View the The village revival - volume III free of charge at www.struttandparker.com |
| 856 40 - ELECTRONIC LOCATION AND ACCESS |
| Uniform Resource Identifier |
<a href="https://19e21141e53b5c034df6-fe3f5161196526a8a7b5af72d4961ee5.r45.cf3.rackcdn.com/5414/7946/1508/Urban_Renters.pdf">https://19e21141e53b5c034df6-fe3f5161196526a8a7b5af72d4961ee5.r45.cf3.rackcdn.com/5414/7946/1508/Urban_Renters.pdf</a> |
| Public note |
View the Urban renters - volume IV free of charge at www.struttandparker.com |
| 856 40 - ELECTRONIC LOCATION AND ACCESS |
| Uniform Resource Identifier |
<a href="https://19e21141e53b5c034df6-fe3f5161196526a8a7b5af72d4961ee5.r45.cf3.rackcdn.com/1714/9639/2889/Platinum_Generation_Final.pdf">https://19e21141e53b5c034df6-fe3f5161196526a8a7b5af72d4961ee5.r45.cf3.rackcdn.com/1714/9639/2889/Platinum_Generation_Final.pdf</a> |
| Public note |
View the Platinum generation - volume V free of charge at www.struttandparker.com |
| 942 ## - ADDED ENTRY ELEMENTS (KOHA) |
| Suppress in OPAC |
0 |
| Source of classification or shelving scheme |
Dewey Decimal Classification |